| 000 | 01140nam a22002897a 4500 | ||
|---|---|---|---|
| 999 |
_c29486 _d29457 |
||
| 003 | EG-ScBUE | ||
| 005 | 20210923152552.0 | ||
| 008 | 210923s1997 ua f 000 0dara d | ||
| 017 | _a97/8058 | ||
| 020 | _a9770153184 | ||
| 040 |
_aEG-ScBUE _bara _erda _cEG-ScBUE _dEG-ScBUE |
||
| 082 | 0 | 4 |
_a301 _bع ن ا _222 |
| 100 | 1 |
_aعناني، محمد، _d1939- _eمعد. |
|
| 245 | 1 | 2 |
_aالمختار من مقدمة ابن خلدون / _cإعداد د. محمد عناني. |
| 264 | 1 |
_a[القاهرة] : _bالهيئة المصرية العامة للكتاب، _c1997. |
|
| 300 |
_a185 صفحة ؛ _c20 سم. |
||
| 336 |
_2rdacontent _aنص _btxt |
||
| 337 |
_2rdamedia _aبدون وسيط _bn |
||
| 338 |
_2rdacarrier _aمجلد _bnc |
||
| 490 | 0 |
_aمهرجان القراءة للجميع. _aمكتبة الأسرة. _aالتراث |
|
| 541 | _cDonation. | ||
| 600 | 1 | 7 |
_aابن خلدون، عبد الرحمن بن محمد، _d732-808 هـ. _tمقدمة. _2BUEsh |
| 650 | 7 |
_aالاجتماع، علم. _2BUEsh |
|
| 653 | 7 |
_aBUEsh _bGGEN _cSeptember2021 |
|
| 655 | 7 |
_2BUEsh _vReading book _934232 |
|
| 942 | _2ddc | ||